02449nam a2200289Ia 4500999001500000008004100015082001100056100001500067245002800082250000800110260003700118300000800155650003600163942001500199952014000214952014000354952017200494952017200666952016100838952017200999952016501171952016401336952016401500952017301664952016101837952016101998 c1443d1443191201s2004 xx 000 0 und d a540FIC aFinar, I L 0aOrganic Chemistry vol-1 a6th aN.DelhibPearson Educationc2004 a965 aPharmaceutical Organic Chemisty 2ddccBK01 00102ddc40708APPLIEDaPIETbPIETd2006-08-16eM/s UDH ,Delhig250.00k125382l0o547 FIOp2363r2019-12-04 00:00:00w2005-08-22yBK 00102ddc40708APPLIEDaPIETbPIETd2006-08-16eM/s UDH ,Delhig250.00k125382l0o547 FIOp2364r2019-12-04 00:00:00w2005-08-22yBK 00102ddc40708BPaPIETbPIETd2020-01-06eKirti PrakashanfIN Rupeesg1079.00h1kIN5977l1o547 FIOpBP122r2022-03-10 00:00:00s2022-01-17v733.72w2020-01-06yBK 00102ddc40708BPaPIETbPIETd2020-01-06eKirti PrakashanfIN Rupeesg1079.00h1kIN5977l1o547 FIOpBP123r2022-02-01 00:00:00s2022-01-03v733.72w2020-01-06yBK 00102ddc40708BPaPIETbPIETd2020-01-06eKirti PrakashanfIN Rupeesg1079.00h1kIN5977l0o547 FIOpBP124r2020-03-17 00:00:00v733.72w2020-01-06yREF 00102ddc40708BPaPIETbPIETd2020-01-06eKirti PrakashanfIN Rupeesg1079.00h1kIN5977l1o547 FIOpBP125r2021-07-31 00:00:00s2021-03-12v733.72w2020-01-06yBK 00102ddc40708BSCNMaPIETNCRbPIETNCRd2020-11-18eKirti PraskshanfIN Rupeesg1079.00kIN255l0o540 FICpN233r2020-11-18 00:00:00v733.72w2020-08-05yREF 00102ddc40708BSCNMaPIETNCRbPIETNCRd2020-11-18eKirti PraskshanfIN Rupeesg1079.00kIN255l0o540 FICpN234r2020-11-18 00:00:00v733.72w2020-08-05yBK 00102ddc40708BSCNMaPIETNCRbPIETNCRd2020-11-18eKirti PraskshanfIN Rupeesg1079.00kIN255l0o540 FICpN235r2020-11-18 00:00:00v733.72w2020-08-05yBK 00102ddc40708BPaPIETbPIETd2021-03-17eKirti PrakashanfIn Rupeesg1079.00h1kIN1864l1o547 FIOpBP1631r2022-08-17 00:00:00s2022-08-03v733.72w2021-03-17yBK 00102ddc40708BPaPIETbPIETd2021-03-17eKirti PrakashanfIn Rupeesg1079.00h1kIN1864l0o547 FIOpBP1632r2021-03-26 00:00:00v733.72w2021-03-17yBK 00102ddc40708BPaPIETbPIETd2021-03-17eKirti PrakashanfIn Rupeesg1079.00h1kIN1864l0o547 FIOpBP1633r2021-03-26 00:00:00v733.72w2021-03-17yBK